000 00581nam a2200193Ia 4500
005 20250508163537.0
008 008 250505s9999 xx 000 0 eng d
037 _aBooks to be hide in OPAC
040 _aFEDL
_beng
_cFEDL
041 _aeng
_2eng
084 _a001.64, RAO/O
_qFEDL
100 _aRao PVS
_9473750
245 0 _aComputer programming: Fortran and other languages
260 _aNew Delhi, India
_bTata McGraw-Hill Publishing Company Ltd.
_c1981
300 _a304p.
365 _aINR
_b24
942 _cHB
_h001.64, RAO/O
999 _c1383986
_d1383986